| 000 | 00448nam a2200169Ia 4500 | ||
|---|---|---|---|
| 999 |
_c13342 _d13342 |
||
| 003 | OSt | ||
| 005 | 20201016093956.0 | ||
| 008 | 190216s9999||||xx |||||||||||||| ||und|| | ||
| 040 | _coclc | ||
| 082 |
_a813.54 _bBOV/O |
||
| 100 |
_aBova, Ben _95110 |
||
| 245 | 0 |
_aOrion / _cBen Bova |
|
| 260 |
_bMethuen & Co, _c1986. _aLondon: |
||
| 300 | _a429p | ||
| 650 | _aEnglish Novel | ||
| 942 |
_cBK _2ddc _h813.54 _iBOV/O _k813.54 _mBOV/O |
||